She goes missing: broken childhoods, fractured systems, and the pursuit of justice in India (Record no. 533092)

000 -LEADER
fixed length control field 00398nam a22001217a 4500
020 ## - INTERNATIONAL STANDARD BOOK NUMBER
International Standard Book Number 9789363953352
082 ## - DEWEY DECIMAL CLASSIFICATION NUMBER
Classification number Q43x54 P886
100 ## - MAIN ENTRY--PERSONAL NAME
Personal name Prasad, Simala
9 (RLIN) 60182
245 ## - TITLE STATEMENT
Title She goes missing: broken childhoods, fractured systems, and the pursuit of justice in India
Statement of responsibility, etc by Simala Prasad
260 ## - PUBLICATION, DISTRIBUTION, ETC. (IMPRINT)
Place of publication, distribution, etc Noida
Name of publisher, distributor, etc Om Books International
Date of publication, distribution, etc 2026
300 ## - PHYSICAL DESCRIPTION
Extent 384p.
650 ## - SUBJECT ADDED ENTRY--TOPICAL TERM
Topical term or geographic name as entry element Child welfare - India
9 (RLIN) 60183
Holdings
Withdrawn status Lost status Source of classification or shelving scheme Damaged status Koha normalized classification for sorting Not for loan Permanent location Current location Shelving location Date acquired Full call number Barcode Date last seen Price effective from Koha item type
        Q_43X54_P886   Indian Institute of Public Administration Indian Institute of Public Administration On Display 2026-04-22 Q43x54 P886 Gr25712 2026-04-22 2026-04-22 GR

Powered by Koha